Root-knot nematodes (Meloidogyne species) : systematics, biology and control /
Guardado en:
| Autores Corporativos: | , |
|---|---|
| Otros Autores: | , |
| Formato: | Libro |
| Idioma: | English |
| Publicado: |
London ; New York :
Academic Press,
1979.
|
| Etiquetas: |
Agregar Etiqueta
Sin Etiquetas, Sea el primero en etiquetar este registro!
|
| LEADER | 00923nam a22002055a 4500 | ||
|---|---|---|---|
| 001 | EEA.libagro003049 | ||
| 005 | 20190701130638.0 | ||
| 008 | 130809s1979####nyua#####b####000#0#eng#d | ||
| 020 | |a 0124348505 | ||
| 082 | 0 | 4 | |a 595.182 |
| 245 | 1 | 0 | |a Root-knot nematodes (Meloidogyne species) : |b systematics, biology and control / |c edited by F. Lamberti, C. E. Taylor. |
| 260 | |a London ; |a New York : |b Academic Press, |c 1979. | ||
| 300 | |a xi, 477 p. : |b il. ; |c 24 cm. | ||
| 500 | |a Proceedings of a conference organized by the journal Nematologia Mediterranea and by the Laboratorio di Nematologia Agraria, Consiglio Nazionale delle Ricerche, Bari. | ||
| 504 | |a Incluye bibliografías e índices. | ||
| 700 | 1 | |a Lamberti, F. |q (Franco), |d 1937- | |
| 700 | 1 | |a Taylor, C. E. |q (Charles E.) | |
| 710 | 2 | |a Nematologia mediterranea. | |
| 710 | 2 | |a Laboratorio di nematologia agraria (Italia). | |
| 859 | |a AR-BbBCA |b BIB. AGRONOMIA |h 595.182 |i L223 |p 1981/0103 | ||
